000 00395cam a22001217a 4500
008 180718b1966 xxu||||| |||| 00| 0 eng d
082 _aA81x54 In2/61/26/Pt6/4
100 _aCensus of India 1961
245 _aTripura: village survey monograph, Kamalghat
260 _aDelhi
_bThe Manager of Publications
_c1966
300 _a57+p.
440 _aCensus of India 1961. Volume XXVI, Tripura. Part VI-4
999 _c484152
_d484152